[Event "15th Vandoeuvre Open 2019"]
[Site "Vandoeuvre-les-Nancy"]
[Date "2019.01.04"]
[Round "6"]
[White "Bellahcene, Anissa"]
[Black "Rauta, Nicolas"]
[Result "1/2-1/2"]
[WhiteElo "1819"]
[BlackElo "1904"]
[Annotator "NA"]
[PlyCount "95"]
[EventDate "2019.01.02"]
[EventType "swiss"]
[EventCountry "FRA"]
[SourceTitle "playchess.com"]
[Source "ChessBase"]
[SourceQuality "1"]
[TimeControl "5400+30"]

1. e4 {[%emt 0:00:24]} c6 {[%emt 0:00:00]} 2. d4 {[%emt 0:00:45]} d5 {[%emt 0:00:00]} 3. Nc3 {[%emt 0:00:12]} dxe4 {[%emt 0:00:00]} 4. Nxe4 {[%emt 0:00:11]} Bf5 {[%emt 0:00:00]} 5. Nc5 {[%emt 0:01:14]} b6 {[%emt 0:14:20]} 6. Nb3 {[%emt 0:01:16]} Nf6 {[%emt 0:00:22]} 7. Nf3 {[%emt 0:00:32]} Nbd7 {[%emt 0:02:44]} 8. g3 {[%emt 0:05:08]} e6 {[%emt 0:00:21]} 9. Bg2 {[%emt 0:00:47]} Bd6 {[%emt 0:01:39]} 10. O-O {[%emt 0:02:16]} O-O {[%emt 0:01:42]} 11. Nbd2 {[%emt 0:06:50]} Rc8 {[%emt 0:01:41]} 12. Nc4 {[%emt 1:16:25]} Bb8 {[%emt 0:04:29]} 13. Nfe5 {[%emt 0:00:00]} Nxe5 {[%emt 0:18:59]} 14. dxe5 {[%emt 0:00:00]} Qxd1 {[%emt 0:01:40]} 15. Rxd1 {[%emt 0:00:00]} Nd5 {[%emt 0:00:10]} 16. c3 {[%emt 0:00:00]} h6 {[%emt 0:15:58]} 17. Be3 {[%emt 0:00:00]} Bg6 {[%emt 0:08:09]} 18. Nd6 {[%emt 0:00:00]} Rcd8 {[%emt 0:02:04]} 19. Bf4 {[%emt 0:00:00]} Bh5 {[%emt 0:07:23]} 20. Rd2 {[%emt 0:00:00]} g5 {[%emt 0:00:34]} 21. Be3 {[%emt 0:00:00]} Nxe3 {[%emt 0:01:37]} 22. fxe3 {[%emt 0:00:00]} c5 {[%emt 0:01:27]} 23. Rf1 {[%emt 0:00:00]} Bxd6 {[%emt 0:08:55]} 24. exd6 {[%emt 0:00:00]} f6 {[%emt 0:00:24]} 25. Bc6 {[%emt 0:00:00]} Kg7 {[%emt 0:00:23]} 26. h3 {[%emt 0:00:00]} f5 {[%emt 0:03:23]} 27. e4 {[%emt 0:00:00]} fxe4 {[%emt 0:02:01]} 28. Rxf8 {[%emt 0:00:00]} Kxf8 {[%emt 0:00:38]} 29. Bxe4 {[%emt 0:00:00]} Be8 {[%emt 0:00:20]} 30. Kf2 {[%emt 0:00:00]} Kg7 {[%emt 0:00:24]} 31. Ke3 {[%emt 0:00:00]} Bd7 {[%emt 0:03:43]} 32. h4 {[%emt 0:10:00]} Kf6 {[%emt 0:00:00]} 33. Rf2+ {[%emt 0:00:00]} Ke5 {[%emt 0:00:00]} 34. hxg5 {[%emt 0:00:00]} hxg5 {[%emt 0:00:00]} 35. Rf7 {[%emt 0:00:00]} Kxd6 {[%emt 0:00:05]} 36. Rg7 {[%emt 0:00:00]} Rf8 {[%emt 0:00:25]} 37. Rxg5 {[%emt 0:00:00]} Ke7 {[%emt 0:00:45]} 38. Rg7+ {[%emt 0:00:00]} Rf7 {[%emt 0:00:13]} 39. Rxf7+ {[%emt 0:00:00]} Kxf7 {[%emt 0:00:01]} 40. Kf4 {[%emt 0:00:00]} Kf6 {[%emt 0:00:13]} 41. Bb7 {[%emt 0:00:00]} e5+ {[%emt 0:01:05]} 42. Kf3 {[%emt 0:00:00]} Be6 {[%emt 0:00:42]} 43. a3 {[%emt 0:00:00]} Bd7 {[%emt 0:00:47]} 44. Be4 {[%emt 0:00:00]} Be6 {[%emt 0:00:29]} 45. Bb7 {[%emt 0:00:00]} Bd7 {[%emt 0:00:49]} 46. Be4 {[%emt 0:00:00]} Be6 {[%emt 0:00:39]} 47. Bb7 {[%emt 0:00:00]} Bd7 {[%emt 0:00:10]} 48. Be4 {[%emt 0:00:00]} 1/2-1/2

[Event "15th Vandoeuvre Open 2019"]
[Site "Vandoeuvre-les-Nancy"]
[Date "2019.01.04"]
[Round "6"]
[White "Winkin, Pol"]
[Black "Leriche, Ines"]
[Result "1/2-1/2"]
[WhiteElo "1694"]
[BlackElo "1917"]
[Annotator "NA"]
[PlyCount "43"]
[EventDate "2019.01.02"]
[EventType "swiss"]
[EventCountry "FRA"]
[SourceTitle "playchess.com"]
[Source "ChessBase"]
[SourceQuality "1"]
[TimeControl "5400+30"]

1. e4 {[%emt 0:00:00]} c5 {[%emt 0:00:00]} 2. Nf3 {[%emt 0:00:00]} g6 {[%emt 0:00:01]} 3. d4 {[%emt 0:00:00]} cxd4 {[%emt 0:00:07]} 4. Nxd4 {[%emt 0:00:00]} Nc6 {[%emt 0:00:17]} 5. Be3 {[%emt 0:00:37]} Bg7 {[%emt 0:00:24]} 6. c4 {[%emt 0:00:17]} Nf6 {[%emt 0:00:44]} 7. f3 {[%emt 0:00:13]} O-O {[%emt 0:22:32]} 8. Nc3 {[%emt 0:00:35]} d6 {[%emt 0:07:12]} 9. Be2 {[%emt 0:00:23]} Bd7 {[%emt 0:00:21]} 10. O-O {[%emt 0:00:26]} Nxd4 {[%emt 0:00:25]} 11. Bxd4 {[%emt 0:00:30]} Bc6 {[%emt 0:00:16]} 12. Qd2 {[%emt 0:08:09]} a5 {[%emt 0:00:15]} 13. Nd5 {[%emt 0:01:42]} Nd7 {[%emt 0:03:34]} 14. a3 {[%emt 0:04:15]} Bxd4+ {[%emt 0:03:34]} 15. Qxd4 {[%emt 0:00:59]} Nc5 {[%emt 0:00:34]} 16. Qc3 {[%emt 0:03:55]} a4 {[%emt 0:01:14]} 17. Kh1 {[%emt 0:09:49]} Rc8 {[%emt 0:27:02]} 18. Qb4 {[%emt 0:06:34]} Na6 {[%emt 0:14:11]} 19. Qd2 {[%emt 0:08:11]} Nc5 {[%emt 0:01:15]} 20. Qb4 {[%emt 0:03:23]} Na6 {[%emt 0:04:28]} 21. Qd2 {[%emt 0:03:22]} Nc5 {[%emt 0:01:28]} 22. Qb4 {[%emt 0:47:40]} 1/2-1/2

[Event "15th Vandoeuvre Open 2019"]
[Site "Vandoeuvre-les-Nancy"]
[Date "2019.01.05"]
[Round "7"]
[White "Bauer, Christian"]
[Black "Li, Di"]
[Result "1-0"]
[WhiteElo "2637"]
[BlackElo "2488"]
[Annotator "TA"]
[PlyCount "65"]
[EventDate "2019.01.02"]
[EventType "swiss"]
[EventCountry "FRA"]
[SourceTitle "playchess.com"]
[Source "ChessBase"]
[SourceQuality "1"]

{[%evp 16,65,15,18,47,42,40,29,37,29,25,29,46,37,171,181,181,155,193,215,190,202,300,299,447,435,613,593,570,566,583,578,728,252,908,918,1202,1187,29941,29945,6527,6519,6482,6475,29976,29979,29989,29990,29990,29991,29996,29997]} 1. Nf3 e6 2. e4 d5 3. e5 c5 4. c3 d4 5. Na3 (5. Bd3 Nc6 6. O-O Nge7 7. Re1 Nf5 8. Be4 Bd7 9. d3 Be7 10. Nbd2 O-O 11. Nf1 Rb8 12. Ng3 Nh4 13. Nxh4 Bxh4 14. Qh5 g6 15. Qe2 Nxe5 {1-0 (64) Savchenko,B (2562)-Gordievsky,D (2615) Moscow 2018}) 5... Ne7 6. Bd3 {B40: Sicilian: 2...e6, Unusual lines} Nbc6 7. O-O Ng6 8. Re1 Be7 9. g3 {LiveBook: 3 Games} a6 10. h4 $146 Qc7 {[%cal Rc6e5]} 11. Qe2 f6 12. cxd4 cxd4 {[%cal Rg6e5]} 13. exf6 gxf6 14. Be4 f5 (14... e5 $14) 15. Bxc6+ $1 $18 Qxc6 {[#]} 16. d3 $1 b5 {[#] aiming for ...Bb7.} 17. Nc2 $1 {[%cal Ba3c2,Bc2d4,Bd4e6,Be6c5,Bc5b7][%mdl 32]} (17. Nxd4 $6 Qd5 $16) 17... Qd5 18. Ncxd4 Kf7 (18... f4 $142) 19. Bg5 Bxg5 (19... Bd6 $142 20. Rac1 (20. h5 Nf8 $18) 20... h6 21. Rxc8 (21. Bf6 Rg8 $16) 21... Raxc8 22. Qxe6+ Qxe6 23. Rxe6 Ne5 24. Rxe5 (24. Rxd6 Nxf3+ 25. Nxf3 hxg5 $18) (24. Nxe5+ Bxe5 25. Rxe5 hxg5 $18) 24... Bxe5 25. Nxe5+ Kg8) 20. Nxg5+ Kf6 (20... Kg8 $142 21. Ngxe6 (21. Ndxe6 Bb7 $16) 21... Bxe6) 21. Ndxe6 {And now Nc7 would win.} Bb7 {[%csl Gb7][%cal Rd5h1]} 22. f3 h6 23. Rac1 Qd6 24. Qf2 $2 (24. Rc7 {[%csl Gg5][%cal Rc7f7]} Qxg3+ 25. Kf1) 24... Ne5 $2 (24... Rac8) 25. Nc5 hxg5 26. Nxb7 Qd5 27. Qb6+ Kg7 28. Rc7+ Nf7 29. Ree7 {White threatens hxg5 and mate.} Raf8 30. hxg5 {White mates.} Rh1+ 31. Kg2 Rf1 {[#]} 32. Rxf7+ $1 {[%mdl 64] Remove Defender, Back Rank} Rxf7 (32... Qxf7 33. Rxf7+) 33. Qh6+ {Accuracy: White = 89%, Black = 36%.} 1-0

[Event "15th Vandoeuvre Open 2019"]
[Site "Vandoeuvre-les-Nancy"]
[Date "2019.01.05"]
[Round "7"]
[White "Ma, Qun"]
[Black "Tilicheev, Viacheslav"]
[Result "1/2-1/2"]
[WhiteElo "2625"]
[BlackElo "2507"]
[Annotator "TA"]
[PlyCount "107"]
[EventDate "2019.01.02"]
[EventType "swiss"]
[EventCountry "FRA"]
[SourceTitle "playchess.com"]
[Source "ChessBase"]
[SourceQuality "1"]

{[%evp 36,107,70,71,60,31,31,23,25,17,25,32,30,11,11,12,27,8,8,8,8,2,14,0,0,0,0,0,11,11,11,11,11,0,0,0,8,0,8,8,72,72,72,62,71,70,72,72,72,72,72,72,72,72,72,72,72,72,72,72,72,72,72,72,72,71,71,0,72,0,71,0,71,0]} 1. d4 Nf6 2. c4 e6 3. Nf3 d5 4. Nc3 c6 5. Bg5 dxc4 6. e4 {[%cal Be2e4,Be4e5][%mdl 32]} b5 7. e5 h6 8. Bh4 g5 9. Nxg5 hxg5 10. Bxg5 Be7 11. exf6 Bxf6 12. Bxf6 Qxf6 13. g3 Na6 14. Bg2 Bb7 15. a4 O-O-O {D44: Semi-Slav: Botvinnik System} 16. axb5 cxb5 17. Bxb7+ Kxb7 18. Nxb5 Nb4 19. O-O {LiveBook: 3 Games} Nc6 {[#] aiming for ...Qh6.} 20. f4 {And now Qa4 would win.} (20. Qa4 $2 Qh6 $19) (20. Qe2 $5 {[%cal Re2c4]} Qh6 21. f4 $14 (21. h4 $2 Qxh4 22. Rxa7+ Kb6 $19)) 20... a6 21. Nc3 Qxd4+ {[#]} 22. Qxd4 $146 Rxd4 23. Rad1 Kc7 24. Kg2 Rb8 25. Rf2 e5 26. fxe5 Rxd1 27. Nxd1 Nxe5 $11 {[%mdl 4096] Endgame KRN-KRN} 28. h4 Kd7 29. Re2 f6 30. Ne3 Kd6 31. h5 Rc8 32. g4 Ke6 33. Kg3 {With the idea g5!} c3 34. bxc3 Rxc3 35. Kf4 Kf7 36. Ke4 Rc5 37. Rf2 {Threatening g5.} Nxg4 (37... Ke6 $11 {remains equal.}) 38. Nxg4 $16 Rxh5 39. Nxf6 $11 {KRN-KR} Rh1 40. Nd5+ Ke6 41. Rf6+ Kd7 42. Rxa6 Re1+ 43. Ne3 Re2 44. Kd4 Re1 45. Nf5 Rb1 46. Kc5 Rc1+ 47. Kd5 Rd1+ 48. Nd4 Ke7 49. Rb6 Kf7 50. Rb7+ Kf6 51. Rb6+ Kf7 $1 52. Rb7+ Kf6 53. Rb6+ Kf7 $1 54. Rb7+ {Accuracy: White = 58%, Black = 59%.} ({White should try} 54. Rb3 $16) 1/2-1/2

[Event "15th Vandoeuvre Open 2019"]
[Site "Vandoeuvre-les-Nancy"]
[Date "2019.01.05"]
[Round "7"]
[White "Bailet, Pierre"]
[Black "Guilleux, Fabien"]
[Result "1/2-1/2"]
[WhiteElo "2492"]
[BlackElo "2418"]
[Annotator "ChessBase"]
[PlyCount "88"]
[EventDate "2019.01.02"]
[EventType "swiss"]
[EventCountry "FRA"]
[SourceTitle "playchess.com"]
[Source "ChessBase"]
[SourceQuality "1"]
[TimeControl "5400+30"]

1. e4 {[%emt 0:00:00]} c5 {[%emt 0:00:00]} 2. Nf3 {[%emt 0:00:02]} Nc6 {[%emt 0:00:00]} 3. Bb5 {[%emt 0:00:58]} e6 {[%emt 0:00:06]} 4. O-O {[%emt 0:00:57]} Nge7 {[%emt 0:00:13]} 5. Re1 {[%emt 0:01:04]} a6 {[%emt 0:00:18]} 6. Bf1 {[%emt 0:00:28]} d5 {[%emt 0:01:27]} 7. exd5 {[%emt 0:01:42]} Nxd5 {[%emt 0:00:46]} 8. d4 {[%emt 0:01:11]} Nf6 {[%emt 0:24:31]} 9. Be3 {[%emt 0:06:00]} cxd4 {[%emt 1:07:09]} 10. Nxd4 {[%emt 0:00:15]} Nxd4 {[%emt 0:00:00]} 11. Bxd4 {[%emt 0:01:16]} Bd6 {[%emt 0:00:00]} 12. Nc3 {[%emt 0:07:50]} Bc7 {[%emt 0:00:00]} 13. g3 {[%emt 0:08:44]} O-O {[%emt 0:00:00]} 14. Bg2 {[%emt 0:02:53]} Qe7 {[%emt 0:02:30]} 15. Qe2 {[%emt 0:07:16]} Rb8 {[%emt 0:00:00]} 16. Rad1 {[%emt 0:08:44]} Rd8 {[%emt 0:00:00]} 17. Bxf6 {[%emt 0:49:10]} Qxf6 {[%emt 0:00:00]} 18. Nd5 {[%emt 0:00:00]} Rxd5 {[%emt 0:00:00]} 19. Rxd5 {[%emt 0:00:00]} g6 {[%emt 0:00:00]} 20. Rc5 {[%emt 0:00:00]} Bb6 {[%emt 0:00:00]} 21. Rc4 {[%emt 0:00:00]} Qxb2 {[%emt 0:00:00]} 22. Qd2 {[%emt 0:02:30]} Qf6 {[%emt 0:00:00]} 23. Rf4 {[%emt 0:00:00]} Qe7 {[%emt 0:00:00]} 24. Rh4 {[%emt 0:00:00]} h5 {[%emt 0:00:00]} 25. Rd1 {[%emt 0:00:00]} e5 {[%emt 0:00:00]} 26. Re4 {[%emt 0:00:00]} Bf5 {[%emt 0:00:00]} 27. Ree1 {[%emt 0:00:00]} Rc8 {[%emt 0:00:00]} 28. Be4 {[%emt 0:00:00]} Bg4 {[%emt 0:00:00]} 29. Qd6 {[%emt 0:00:00]} Qxd6 {[%emt 0:00:39]} 30. Rxd6 {[%emt 0:00:00]} Bd4 {[%emt 0:00:20]} 31. Rb1 {[%emt 0:00:00]} b6 {[%emt 0:01:47]} 32. Rxd4 {[%emt 0:00:00]} exd4 {[%emt 0:00:07]} 33. Rxb6 {[%emt 0:00:00]} Bf5 {[%emt 0:01:37]} 34. Bxf5 {[%emt 0:00:00]} gxf5 {[%emt 0:00:02]} 35. Rxa6 {[%emt 0:00:00]} Rxc2 {[%emt 0:00:02]} 36. Rd6 {[%emt 0:00:08]} Rxa2 {[%emt 0:00:36]} 37. Rxd4 {[%emt 0:01:15]} Kg7 {[%emt 0:00:01]} 38. Rd6 {[%emt 0:00:21]} Ra4 {[%emt 0:01:02]} 39. f4 {[%emt 0:01:11]} h4 {[%emt 0:00:10]} 40. Kg2 {[%emt 0:00:04]} hxg3 {[%emt 0:00:14]} 41. hxg3 {[%emt 0:00:02]} Ra1 {[%emt 0:00:19]} 42. Kf3 {[%emt 0:00:07]} Ra3+ {[%emt 0:00:08]} 43. Kg2 {[%emt 0:00:03]} Ra1 {[%emt 0:00:08]} 44. Kf3 {[%emt 0:00:02]} Ra3+ {[%emt 0:00:08] Ke4 [%clk 0:00:00]} 1/2-1/2

[Event "15th Vandoeuvre Open 2019"]
[Site "Vandoeuvre-les-Nancy"]
[Date "2019.01.05"]
[Round "7"]
[White "Burri, Quentin"]
[Black "Xu, Xiangyu"]
[Result "0-1"]
[WhiteElo "2409"]
[BlackElo "2567"]
[Annotator "ChessBase"]
[PlyCount "69"]
[EventDate "2019.01.02"]
[EventType "swiss"]
[EventCountry "FRA"]
[SourceTitle "playchess.com"]
[Source "ChessBase"]
[SourceQuality "1"]
[TimeControl "5400+30"]

1. e4 {[%emt 0:00:00]} c5 {[%emt 0:00:00]} 2. Nf3 {[%emt 0:00:00]} Nc6 {[%emt 0:00:00]} 3. Nc3 {[%emt 0:02:03]} g6 {[%emt 0:00:00]} 4. d4 {[%emt 0:00:28]} cxd4 {[%emt 0:00:00]} 5. Nxd4 {[%emt 0:00:05]} Bg7 {[%emt 0:00:03]} 6. Be3 {[%emt 0:00:04]} Nf6 {[%emt 0:00:06]} 7. Bc4 {[%emt 0:00:31]} O-O {[%emt 0:00:08]} 8. Bb3 {[%emt 0:00:03]} d6 {[%emt 0:00:05]} 9. f3 {[%emt 0:01:18]} Bd7 {[%emt 0:00:05]} 10. Qd2 {[%emt 0:00:12]} Na5 {[%emt 0:00:05]} 11. h4 {[%emt 0:09:14]} Nxb3 {[%emt 0:00:17]} 12. Nxb3 {[%emt 0:02:28]} h5 {[%emt 0:00:21]} 13. O-O-O {[%emt 0:02:05]} a5 {[%emt 0:09:57]} 14. Nd4 {[%emt 0:06:36]} a4 {[%emt 0:09:01]} 15. a3 {[%emt 0:04:07]} Ra5 {[%emt 0:06:07]} 16. Na2 {[%emt 0:12:14]} e5 {[%emt 0:05:46]} 17. Ne2 {[%emt 0:00:59]} d5 {[%emt 0:00:04]} 18. Bg5 {[%emt 0:00:59]} Qb6 {[%emt 0:25:57]} 19. Nb4 {[%emt 0:08:41]} d4 {[%emt 0:00:35]} 20. Kb1 {[%emt 0:09:34]} Be6 {[%emt 0:03:47]} 21. g4 {[%emt 0:02:11]} hxg4 {[%emt 0:00:31]} 22. h5 {[%emt 0:00:58]} Nxh5 {[%emt 0:04:09]} 23. Rdg1 {[%emt 0:02:30]} gxf3 {[%emt 0:01:29]} 24. Ng3 {[%emt 0:01:29]} Bg4 {[%emt 0:08:17]} 25. Nf5 {[%emt 0:04:41]} gxf5 {[%emt 0:02:13]} 26. exf5 {[%emt 0:00:16]} Bxf5 {[%emt 0:00:28]} 27. Bh6 {[%emt 0:00:34]} Bg6 {[%emt 0:09:15]} 28. Rxh5 {[%emt 0:03:52]} e4 {[%emt 0:08:40]} 29. Rxa5 {[%emt 0:01:24]} e3 {[%emt 0:00:06]} 30. Qh2 {[%emt 0:02:45]} Qxa5 {[%emt 0:00:12]} 31. Bxg7 {[%emt 0:00:25]} Kxg7 {[%emt 0:00:29]} 32. Rh1 {[%emt 0:00:07]} Qh5 {[%emt 0:00:15]} 33. Qxh5 {[%emt 0:00:15]} Bxh5 {[%emt 0:00:03]} 34. Rxh5 {[%emt 0:00:05]} f2 {[%emt 0:00:13]} 35. Kc1 {[%emt 0:24:17]} 0-1

[Event "15th Vandoeuvre Open 2019"]
[Site "Vandoeuvre-les-Nancy"]
[Date "2019.01.05"]
[Round "7"]
[White "Steininger, Denis"]
[Black "Leccia, Antoine"]
[Result "0-1"]
[WhiteElo "1947"]
[BlackElo "1696"]
[Annotator "NA"]
[PlyCount "36"]
[EventDate "2019.01.02"]
[EventType "swiss"]
[EventCountry "FRA"]
[SourceTitle "playchess.com"]
[Source "ChessBase"]
[SourceQuality "1"]
[TimeControl "5400+30"]

1. e4 {[%emt 0:00:00]} e6 {[%emt 0:00:35]} 2. d4 {[%emt 0:00:00]} d5 {[%emt 0:00:57]} 3. Nc3 {[%emt 0:00:00]} dxe4 {[%emt 0:01:28]} 4. Nxe4 {[%emt 0:00:00]} Nd7 {[%emt 0:01:01]} 5. Nf3 {[%emt 0:00:04]} Ngf6 {[%emt 0:01:48]} 6. Ng3 {[%emt 0:00:02]} c5 {[%emt 0:01:28]} 7. c3 {[%emt 0:00:07]} Be7 {[%emt 0:01:47]} 8. Bd3 {[%emt 0:00:12]} h6 {[%emt 0:01:55]} 9. Bc2 {[%emt 0:00:18]} b6 {[%emt 0:03:27]} 10. O-O {[%emt 0:00:19]} Bb7 {[%emt 0:01:15]} 11. Re1 {[%emt 0:00:29]} Qc7 {[%emt 0:01:37]} 12. Nf5 {[%emt 0:02:02]} exf5 {[%emt 0:11:52]} 13. Qe2 {[%emt 0:00:07]} O-O-O {[%emt 0:00:19]} 14. Qxe7 {[%emt 0:01:20]} Bxf3 {[%emt 0:00:13]} 15. Qxf7 {[%emt 0:00:07]} Bd5 {[%emt 0:00:31]} 16. Qxg7 {[%emt 0:01:43]} Rdg8 {[%emt 0:01:03]} 17. Bf4 $19 {[%emt 0:00:40]} Qxf4 {[%emt 0:00:48]} 18. Qe7 {[%emt 0:00:04]} Rxg2+ {[%emt 0:00:04]} 0-1

[Event "15th Vandoeuvre Open 2019"]
[Site "Vandoeuvre-les-Nancy"]
[Date "2019.01.05"]
[Round "7"]
[White "Leriche, Ines"]
[Black "Budak, Rezan"]
[Result "0-1"]
[WhiteElo "1917"]
[BlackElo "1883"]
[Annotator "NA"]
[PlyCount "94"]
[EventDate "2019.01.02"]
[EventType "swiss"]
[EventCountry "FRA"]
[SourceTitle "playchess.com"]
[Source "ChessBase"]
[SourceQuality "1"]
[TimeControl "5400+30"]

1. d4 {[%emt 0:07:15]} Nf6 {[%emt 0:00:36]} 2. c4 {[%emt 0:00:16]} d6 {[%emt 0:03:37]} 3. Nc3 {[%emt 0:00:44]} Bf5 {[%emt 1:27:17]} 4. Nf3 {[%emt 1:23:45]} h6 {[%emt 0:00:30]} 5. g3 {[%emt 0:00:00]} c6 {[%emt 0:00:30]} 6. Bg2 {[%emt 0:01:00]} Nbd7 {[%emt 0:00:30]} 7. O-O {[%emt 0:00:30]} e5 {[%emt 0:00:30]} 8. d5 {[%emt 0:00:30]} e4 {[%emt 0:00:30]} 9. Nd2 {[%emt 0:00:30]} cxd5 {[%emt 0:00:30]} 10. cxd5 {[%emt 0:00:30]} Qe7 {[%emt 0:00:30]} 11. Qa4 {[%emt 0:00:30]} a6 {[%emt 0:00:30]} 12. Ndxe4 {[%emt 0:00:30]} Nxe4 {[%emt 0:00:30]} 13. Bxe4 {[%emt 0:00:30]} Bxe4 {[%emt 0:00:30]} 14. Nxe4 {[%emt 0:00:00]} b5 {[%emt 0:00:30]} 15. Qc2 {[%emt 0:01:00]} f5 {[%emt 0:00:30]} 16. Nc3 {[%emt 0:00:30]} g6 {[%emt 0:00:30]} 17. Re1 {[%emt 0:00:30]} b4 {[%emt 0:00:30]} 18. Na4 {[%emt 0:00:30]} Bg7 {[%emt 0:00:30]} 19. Bd2 {[%emt 0:00:30]} a5 {[%emt 0:00:30]} 20. e4 {[%emt 0:00:30]} f4 {[%emt 0:00:30]} 21. Bxf4 {[%emt 0:00:00]} O-O {[%emt 0:00:30]} 22. Rac1 {[%emt 0:01:00]} Rac8 {[%emt 0:00:00]} 23. Qe2 g5 {[%emt 0:01:00]} 24. Bd2 {[%emt 0:01:00]} Ne5 {[%emt 0:00:30]} 25. Rxc8 {[%emt 0:00:00]} Rxc8 {[%emt 0:00:30]} 26. Rc1 {[%emt 0:00:00]} Rf8 27. f4 {[%emt 0:01:30]} gxf4 {[%emt 0:01:00]} 28. Bxf4 {[%emt 0:00:00]} Ng6 {[%emt 0:00:30]} 29. Rf1 {[%emt 0:01:00]} Bd4+ {[%emt 0:00:30]} 30. Kh1 {[%emt 0:00:30]} Re8 {[%emt 0:00:30]} 31. Re1 {[%emt 0:00:30]} Qd7 {[%emt 0:00:30]} 32. b3 {[%emt 0:00:00]} Rf8 {[%emt 0:00:00]} 33. Be3 Bxe3 {[%emt 0:01:00]} 34. Qxe3 {[%emt 0:00:20]} Qf7 {[%emt 0:00:30]} 35. Kg2 {[%emt 0:01:40]} Ne5 {[%emt 0:00:30]} 36. Nb2 {[%emt 0:00:00]} Ng4 {[%emt 0:00:30]} 37. Qd2 {[%emt 0:01:00]} Qf2+ {[%emt 0:00:30]} 38. Qxf2 {[%emt 0:00:00]} Rxf2+ {[%emt 0:00:00]} 39. Kh3 {[%emt 0:01:00]} h5 {[%emt 0:00:00]} 40. Kh4 {[%emt 0:00:00]} Rxh2+ {[%emt 0:00:00]} 41. Kg5 {[%emt 0:00:00]} Rxb2 {[%emt 0:00:00]} 42. Kxh5 {[%emt 0:00:15]} Ne5 {[%emt 0:00:00]} 43. Ra1 {[%emt 0:01:14]} Rg2 {[%emt 0:00:00]} 44. a3 {[%emt 0:00:30]} Rxg3 {[%emt 0:00:00]} 45. axb4 {[%emt 0:00:09]} axb4 {[%emt 0:00:00]} 46. Ra6 {[%emt 0:00:44]} Rxb3 {[%emt 0:00:00]} 47. Rxd6 {[%emt 0:00:09]} Rh3+ {[%emt 0:00:00]} 0-1

[Event "15th Vandoeuvre Open 2019"]
[Site "Vandoeuvre-les-Nancy"]
[Date "2019.01.05"]
[Round "7"]
[White "Paternoster, Thibaud"]
[Black "Winkin, Pol"]
[Result "1-0"]
[WhiteElo "1879"]
[BlackElo "1694"]
[Annotator "NA"]
[PlyCount "41"]
[EventDate "2019.01.02"]
[EventType "swiss"]
[EventCountry "FRA"]
[SourceTitle "playchess.com"]
[Source "ChessBase"]
[SourceQuality "1"]
[TimeControl "5400+30"]

1. e4 {[%emt 0:01:56]} e5 {[%emt 0:00:00]} 2. Nc3 {[%emt 0:00:07]} Nc6 {[%emt 0:00:04]} 3. f4 {[%emt 0:00:45]} d6 {[%emt 0:07:11]} 4. Nf3 {[%emt 0:01:32]} Nf6 {[%emt 0:03:11]} 5. Bb5 {[%emt 0:01:44]} Bd7 {[%emt 0:03:41]} 6. d3 {[%emt 0:02:02]} exf4 {[%emt 0:03:06]} 7. Bxf4 {[%emt 0:01:09]} Ne5 {[%emt 0:03:36]} 8. Nxe5 {[%emt 0:35:44]} dxe5 {[%emt 0:00:39]} 9. Bxe5 {[%emt 0:01:27]} c6 {[%emt 0:10:15]} 10. Bc4 {[%emt 0:02:04]} Ng4 {[%emt 0:05:39]} 11. Bg3 {[%emt 0:07:23]} Ne3 {[%emt 0:22:29]} 12. Bxf7+ {[%emt 0:05:34]} Kxf7 {[%emt 0:01:21]} 13. Qf3+ {[%emt 0:00:08]} Nf5 {[%emt 0:00:33]} 14. exf5 {[%emt 0:00:35]} Qe7+ {[%emt 0:00:48]} 15. Ne4 {[%emt 0:08:39]} Qb4+ {[%emt 0:03:11]} 16. c3 {[%emt 0:00:30]} Qxb2 {[%emt 0:00:05]} 17. O-O {[%emt 0:00:11]} Qb6+ {[%emt 0:00:49]} 18. Bf2 {[%emt 0:00:42]} Qc7 {[%emt 0:01:19]} 19. f6 {[%emt 0:00:41]} Qe5 {[%emt 0:02:35]} 20. fxg7+ {[%emt 0:00:28]} Kxg7 {[%emt 0:01:47]} 21. Bd4 {[%emt 0:00:06]} 1-0

[Event "15th Vandoeuvre Open 2019"]
[Site "Vandoeuvre-les-Nancy"]
[Date "2019.01.05"]
[Round "7"]
[White "Fretel, Liza"]
[Black "Godde, Matthias"]
[Result "0-1"]
[WhiteElo "1855"]
[BlackElo "1881"]
[Annotator "NA"]
[PlyCount "74"]
[EventDate "2019.01.02"]
[EventType "swiss"]
[EventCountry "FRA"]
[SourceTitle "playchess.com"]
[Source "ChessBase"]
[SourceQuality "1"]
[TimeControl "5400+30"]

1. e4 {[%emt 0:00:00]} c5 {[%emt 0:00:13]} 2. Nc3 {[%emt 0:00:00]} Nc6 {[%emt 0:00:44]} 3. g3 {[%emt 0:00:00]} g6 {[%emt 0:01:21]} 4. Bg2 {[%emt 0:00:00]} Bg7 {[%emt 0:00:30]} 5. d3 {[%emt 0:00:00]} d6 {[%emt 0:00:40]} 6. Be3 {[%emt 0:00:09]} e6 {[%emt 0:01:04]} 7. Qd2 {[%emt 0:00:15]} Nd4 {[%emt 0:01:37]} 8. Nd1 {[%emt 0:00:06]} e5 {[%emt 0:11:26]} 9. c3 {[%emt 0:01:25]} Ne6 {[%emt 0:00:49]} 10. Ne2 {[%emt 0:02:12]} Ne7 {[%emt 0:05:50]} 11. Bh6 {[%emt 0:02:29]} Bxh6 {[%emt 0:09:26]} 12. Qxh6 {[%emt 0:00:05]} f5 {[%emt 0:00:53]} 13. Qh4 {[%emt 0:05:02]} O-O {[%emt 0:14:38]} 14. exf5 {[%emt 0:01:22]} g5 {[%emt 0:03:45]} 15. Qc4 {[%emt 0:02:09]} Nxf5 {[%emt 0:06:21]} 16. Bxb7 {[%emt 0:07:21]} Bxb7 {[%emt 0:00:01]} 17. Qxe6+ {[%emt 0:00:09]} Kh8 {[%emt 0:00:22]} 18. O-O {[%emt 0:00:14]} Bf3 {[%emt 0:13:52]} 19. Re1 {[%emt 0:03:02]} Rf6 {[%emt 0:03:41]} 20. Qc4 {[%emt 0:00:57]} g4 {[%emt 0:03:32]} 21. Ne3 {[%emt 0:15:04]} Nxe3 {[%emt 0:00:31]} 22. fxe3 {[%emt 0:00:05]} Rh6 {[%emt 0:00:52]} 23. d4 {[%emt 0:11:43]} Qg5 {[%emt 0:00:49]} 24. Nf4 {[%emt 0:16:22]} exf4 {[%emt 0:01:03]} 25. exf4 {[%emt 0:00:04]} Qf5 {[%emt 0:00:27]} 26. dxc5 {[%emt 0:02:47]} Rxh2 {[%emt 0:09:22]} 27. Re7 {[%emt 0:03:10]} Rg2+ {[%emt 0:04:14]} 28. Kf1 {[%emt 0:00:08]} Qxc5 {[%emt 0:04:46]} 29. Rxh7+ {[%emt 0:00:24]} Kxh7 {[%emt 0:00:01]} 30. Qf7+ {[%emt 0:00:08]} Kh8 {[%emt 0:00:10]} 31. Qf6+ {[%emt 0:00:34]} Kg8 {[%emt 0:00:14]} 32. Qg6+ {[%emt 0:02:56]} Kf8 {[%emt 0:00:13]} 33. Qf6+ {[%emt 0:01:48]} Ke8 {[%emt 0:00:56]} 34. Re1+ {[%emt 0:00:30]} Kd7 {[%emt 0:00:27]} 35. Qe6+ {[%emt 0:00:53]} Kc6 {[%emt 0:00:13]} 36. Re3 {[%emt 0:01:43]} Rh8 {[%emt 0:00:30]} 37. Rxf3 {[%emt 0:00:45]} Qg1# {[%emt 0:02:57]} 0-1